| 000 | 00677nam a2200217Ia 4500 | ||
|---|---|---|---|
| 003 | OSt | ||
| 005 | 20251217124345.0 | ||
| 008 | 220922b |||||||| |||| 00| 0 hin d | ||
| 020 | _a8170161371 (hb) | ||
| 037 | _cTB | ||
| 040 |
_aARTS _cARTS _bhin |
||
| 041 |
_2hin _ahin |
||
| 084 |
_aO152,6N371x N2 _qAL |
||
| 100 |
_aनवल, नंद किशोर _9156801 |
||
| 245 | 0 | _aयथा प्रसंग | |
| 246 | _aYathā prasanga | ||
| 260 |
_aनयी दिल्ली : _b किताबघर , _c1992. |
||
| 300 |
_a194पृ. _ccm. |
||
| 942 |
_hO152,6N37x N2 _cTB _2CC _n0 |
||
| 999 |
_c293457 _d293457 |
||